01291nam a2200169 a 450000500170000000800410001702000150005804100080007310000200008124500460010125000370014726000360018430000110022050000830023150507920031465500150110620250724100046.0100630t1995||||ag |||g p 1p0dspa d a9500415283 aspa1 aSheldon, Sidney aMañana, tarde y noche /cSidney Sheldon a3a ed.bTraducción Nora Watson aBuenos Aires: bEmecé;c1995. a378 p. aSheldon, S. (1995). Mañana, tarde y noche. (3a ed.). Buenos Aires : Emecé. aCuando Harry Stanford, uno de los hombres más ricos del mundo, muere ahogado al caer misteriosamente de su yate que navega frente a las costas de Córcega, el acontecimiento tiene múltiples repercusiones. La familia se reúne para el funeral, en Boston. Y, de pronto, aparece una bella mujer joven que dice ser hija de Harry Stanford y heredera, por tanto, de una parte de su cuantiosa fortuna. ¿Se trata acaso de una impostora? Los Stanford son gente respetada y poderosa. Pero detrás de la impecable fachada se oculta una madeja de extorsiones, drogas y muerte. Con la habilidad sin par que lo distingue, Sidney Sheldon delinea la trama intrincada y ágil de este nuevo gran bestseller. los vaivenes de la historia culminan, como de costumbre, en un final pleno de sorpresa.  aLiteratura